000 01165nam a2200301Ia 4500
001 ebr10534025
003 CaPaEBR
006 m u
007 cr cn|||||||||
008 120309s2012 nju sb 001 0 eng d
020 _z9781118167847
020 _z9781118197721
040 _aCaPaEBR
_cCaPaEBR
035 _a(OCoLC)781540825
050 1 4 _aQD453
_b.A27150 2012eb
245 0 0 _aAdvances in chemical physics.
_nVolume 150
_h[electronic resource] /
_cedited by Sturat A. Rice, Aaron R. Dinner.
260 _aHoboken :
_bWiley,
_c2012.
300 _aix, 362 p.
504 _aIncludes bibliographical references and indexes.
533 _aElectronic reproduction.
_bPalo Alto, Calif. :
_cebrary,
_d2013.
_nAvailable via World Wide Web.
_nAccess may be limited to ebrary affiliated libraries.
650 0 _aChemistry, Physical and theoretical.
650 0 _aChemistry.
655 7 _aElectronic books.
_2local
700 1 _aRice, Stuart Arthur,
_d1932-
700 1 _aDinner, Aaron R.
710 2 _aebrary, Inc.
856 4 0 _uhttp://site.ebrary.com/lib/rucke/Doc?id=10534025
_zAn electronic book accessible through the World Wide Web; click to view
999 _c148374
_d148374